Link : Course book

Link is a comprehensive course that offers a clear, balanced approach to learning English. It provides an attractive and motivating link between elementary and advanced levels.

সংরক্ষণ করুন:
গ্রন্থ-পঞ্জীর বিবরন
বিন্যাস: গ্রন্থ
ভাষা:Undetermined
প্রকাশিত: Kennington, Oxford New Edition 2004
বিষয়গুলি:
ট্যাগগুলো: ট্যাগ যুক্ত করুন
কোনো ট্যাগ নেই, প্রথমজন হিসাবে ট্যাগ করুন!
Thư viện lưu trữ: Trung tâm Học liệu Trường Đại học Cần Thơ
LEADER 00858nam a2200241Ia 4500
001 CTU_124074
008 210402s9999 xx 000 0 und d
020 |c 195000 
082 |a 428.24 
082 |b L757 
245 0 |a Link : 
245 0 |b Course book 
245 0 |c Dorothy Adams ... [et al.] 
260 |a Kennington, Oxford 
260 |b New Edition 
260 |c 2004 
520 |a Link is a comprehensive course that offers a clear, balanced approach to learning English. It provides an attractive and motivating link between elementary and advanced levels. 
650 |a English language,English language 
650 |x Study and teaching 
904 |i Nguyên 
910 |a (Là sách bộ nên xếp số Cutter giống như tập đầu tiên) 
915 |a 400 
980 |a Trung tâm Học liệu Trường Đại học Cần Thơ